| 000 | 01476 a2200265 4500 | ||
|---|---|---|---|
| 001 | 3432 | ||
| 005 | 20260407155428.0 | ||
| 008 | 260407a2008 arg spa d | ||
| 003 | AR-UNSa-BCEJYS | ||
| 040 |
_aAR-UNSa-BCEJYS _bspa _cAR-UNSa-BCEJYS |
||
| 080 |
_a519.2 _xProbabilidades y estadística matemática |
||
| 245 | 1 | 0 | _aIntroducción a la probabilidad y estadística |
| 020 | _a978-970-686-794-0 | ||
| 250 | _a12a. ed. | ||
| 264 | 1 |
_aMéxico : _bCengage Learning Editores _c2008 |
|
| 300 |
_axxiii, 743 p. _c26 cm. |
||
| 505 | _a1. Descripción de datos con gráficas - 2. Descripción de datos con medidas numéricas - 3. Descripción de datos bivariados - 4. Probabilidad y distribuciones de probabilidad - 5. Diversos usos de las Distribuciones discretas - 6. Distribución de probabilidad normal - 7. Distribuciones Muestrales - 8. Estimación con muestras grandes - 9. Prueba de hipótesis con muestras grandes - 10. Inferencias con muestra pequeña - 11. Análisis de varianza - 12.Regresión lineal y correlación - 13. Análisis de regresión multiple - 14. Análisis de datos categóricos - 15. Estadística no paramétrica | ||
| 041 | _aspa | ||
| 942 | _cBK | ||
| 590 | _aniveau_biblio:m niveau_hierar:0 | ||
| 100 | 1 | _aMendenhall, William | |
| 700 | 1 | _aBeaver, Robert J. | |
| 700 | 1 | _aBeaver, Barbara M. | |
| 856 | 4 | 1 |
_uhttps://biblioeco.unsa.edu.ar/pmb/images/libros/Introducion a la probalidad y estadistica-l118316.jpg _yImagen de portada _qimage/jpeg |
| 999 |
_c330 _d330 |
||